|
|
|
|
| LEADER |
03942nam a2200553 4500 |
| 001 |
978-3-319-71697-8 |
| 003 |
DE-He213 |
| 005 |
20191027002436.0 |
| 007 |
cr nn 008mamaa |
| 008 |
180313s2018 gw | s |||| 0|eng d |
| 020 |
|
|
|a 9783319716978
|9 978-3-319-71697-8
|
| 024 |
7 |
|
|a 10.1007/978-3-319-71697-8
|2 doi
|
| 040 |
|
|
|d GrThAP
|
| 050 |
|
4 |
|a RG1-991
|
| 072 |
|
7 |
|a MJT
|2 bicssc
|
| 072 |
|
7 |
|a MED033000
|2 bisacsh
|
| 072 |
|
7 |
|a MKC
|2 thema
|
| 082 |
0 |
4 |
|a 618.1
|2 23
|
| 245 |
1 |
0 |
|a Atlas of Deep Endometriosis
|h [electronic resource] :
|b MRI and Laparoscopic Correlations /
|c edited by Alice Brandão, Claudio Peixoto Crispi, Marco Aurelio Pinho Oliveira.
|
| 250 |
|
|
|a 1st ed. 2018.
|
| 264 |
|
1 |
|a Cham :
|b Springer International Publishing :
|b Imprint: Springer,
|c 2018.
|
| 300 |
|
|
|a XII, 361 p.
|b online resource.
|
| 336 |
|
|
|a text
|b txt
|2 rdacontent
|
| 337 |
|
|
|a computer
|b c
|2 rdamedia
|
| 338 |
|
|
|a online resource
|b cr
|2 rdacarrier
|
| 347 |
|
|
|a text file
|b PDF
|2 rda
|
| 505 |
0 |
|
|a Section I: Definition of deep endometriosis location and its compartments.-Introduction -- Definition of deep endometriosis location.- Section II: MRI.-Technical aspects -- Aspects of deep endometriosis on MRI -- Section III: Deep endometriosis by location.- Pelvic location -- Abdominal location -- Section IV: Use of MRI on risk stratification and patient follow up.- Risk stratification -- Patient follow up -- Section V: Postsurgical findings on deep endometriosis.- Postsurgical findings -- Complications -- Residual lesion/recurrence.
|
| 520 |
|
|
|a This Atlas presents an MRI-based guide to the diagnosis, treatment and follow up of deep endometriosis. Developed by professionals with a extensive clinical experience in the diagnosis and treatment of deep endometriosis, it provides a global overview of the disease, from basic clinical aspects of imaging diagnosis, to the correlation with surgical findings and histopathological results. Deep endometriosis is a serious gynecological condition, which can severely impact on women's quality of life. It shares the main features of regular endometriosis, but also displays a highly infiltrative pattern, involving multiple organs and leading to severe symptoms such as dysmenorrhea, chronic pelvic pain and dyspareunia. Atlas of Deep Endometriosis - MRI and Laparoscopic Correlations is a complete guide, intended for radiologists, gynecologists and all other medical professionals interested on the diagnosis and treatment of deep endometriosis. (NOTE: This title was previously published in 2014 in Portuguese and Spanish and comes from our partnership with Brazilian publisher, Revinter.).
|
| 650 |
|
0 |
|a Gynecology .
|
| 650 |
|
0 |
|a Radiology.
|
| 650 |
|
0 |
|a Endocrinology .
|
| 650 |
|
0 |
|a Urology.
|
| 650 |
|
0 |
|a Surgery.
|
| 650 |
1 |
4 |
|a Gynecology.
|0 http://scigraph.springernature.com/things/product-market-codes/H26006
|
| 650 |
2 |
4 |
|a Imaging / Radiology.
|0 http://scigraph.springernature.com/things/product-market-codes/H29005
|
| 650 |
2 |
4 |
|a Endocrinology.
|0 http://scigraph.springernature.com/things/product-market-codes/H33053
|
| 650 |
2 |
4 |
|a Urology.
|0 http://scigraph.springernature.com/things/product-market-codes/H62002
|
| 650 |
2 |
4 |
|a Surgery.
|0 http://scigraph.springernature.com/things/product-market-codes/H59001
|
| 700 |
1 |
|
|a Brandão, Alice.
|e editor.
|4 edt
|4 http://id.loc.gov/vocabulary/relators/edt
|
| 700 |
1 |
|
|a Crispi, Claudio Peixoto.
|e editor.
|4 edt
|4 http://id.loc.gov/vocabulary/relators/edt
|
| 700 |
1 |
|
|a Oliveira, Marco Aurelio Pinho.
|e editor.
|4 edt
|4 http://id.loc.gov/vocabulary/relators/edt
|
| 710 |
2 |
|
|a SpringerLink (Online service)
|
| 773 |
0 |
|
|t Springer eBooks
|
| 776 |
0 |
8 |
|i Printed edition:
|z 9783319716961
|
| 776 |
0 |
8 |
|i Printed edition:
|z 9783319716985
|
| 776 |
0 |
8 |
|i Printed edition:
|z 9783030100957
|
| 856 |
4 |
0 |
|u https://doi.org/10.1007/978-3-319-71697-8
|z Full Text via HEAL-Link
|
| 912 |
|
|
|a ZDB-2-SME
|
| 950 |
|
|
|a Medicine (Springer-11650)
|